Gestão estratégica de pessoas com scorecard : (Record no. 1033)
[ view plain ]
| 000 -LÍDER | |
|---|---|
| Campo Fixo de Controle | 01121nam a2200301 a 4500 |
| 001 - NÚMERO DE CONTROLE | |
| Campo de Controle | 1033 |
| 003 - IDENTIFICAÇÃO DO NÚMERO DE CONTROLE | |
| Campo de Controle | BR-CuiBMT |
| 005 - DATA E HORA DA ÚLTIMA ATUALIZAÇÃO | |
| Campo de Controle | 20231213124756.0 |
| 008 - DADOS FIXOS | |
| Dados Fixos | 230811s2001 rjba 001 0 por d |
| 020 ## - INTERNATIONAL STANDARD BOOK NUMBER | |
| Nº do ISBN | 9788535208801 |
| 040 ## - AGÊNCIA CATALOGADORA | |
| Código da Agência Catalogadora | BR-CuiBMT |
| Agência que transcreveu o registro | BR-CuiBMT |
| 041 1# - CÓDIGO DO IDIOMA | |
| Código do Idioma | por |
| Idioma original | eng |
| 080 ## - Nº DA CLASSIFICAÇÃO DECIMAL UNIVERSAL | |
| Nº edição CDU | 2007 |
| Nº Class. CDU | 658.3 |
| 090 ## - NÚMERO DE CHAMADA | |
| Nº classificação | 658.3 |
| Cutter | B395g |
| 100 1# - ENTRADA PRINCIPAL -- AUTOR PESSOAL | |
| Nome pessoal | Becker, Brian E. |
| 240 04 - TÍTULO UNIFORME/ORIGINAL | |
| Título original | The HR scorecard : linking people, strategy, and performance |
| Idioma da publicação | Português |
| 245 10 - TÍTULO PRINCIPAL | |
| Título principal | Gestão estratégica de pessoas com scorecard : |
| Subtítulo | interligando pessoas, estratégias e performance / |
| Indicação de responsabilidade | Brian E. Becker, Mark A. Huselid, Dave Ulrich ; tradução Afonso Celso da Cunha Serra. |
| 260 ## - PUBLICAÇÃO, DISTRIBUIÇÃO, ETC. | |
| Local de publicação | Rio de Janeiro : |
| Editora | Campus, |
| Data | c2001. |
| 300 ## - DESCRIÇÃO FÍSICA | |
| N. páginas ou volumes | 246 p. : |
| Ilustrações | il. ; |
| Dimensões | 23 cm |
| 504 ## - NOTA DE BIBLIOGRAFIA, ETC. | |
| Nota de bibliografia | Inclui bibliografia e índice. |
| 590 ## - NOTA LOCAL | |
| Nota local | A Biblioteca possui a 19. reimpr. 2001. |
| 650 ## - ASSUNTO TÓPICO | |
| Cabeçalho tópico ou nome geográfico | Eficiência organizacional |
| Subdivisão geral | Avaliação |
| 650 ## - ASSUNTO TÓPICO | |
| Cabeçalho tópico ou nome geográfico | Administração de empresas |
| Subdivisão geral | Recursos humanos |
| -- | Avaliação |
| 650 ## - ASSUNTO TÓPICO | |
| Cabeçalho tópico ou nome geográfico | Planejamento estratégico |
| 700 1# - ENTRADA SECUNDÁRIA -- NOME PESSOAL | |
| Nome pessoal | Huselid, Mark A., |
| Datas associadas ao nome | 1961- |
| 700 1# - ENTRADA SECUNDÁRIA -- NOME PESSOAL | |
| Nome pessoal | Ulrich, David, |
| Datas associadas ao nome | 1953- |
| 942 ## - ELEMENTOS DE ENTRADA ADICIONAIS (KOHA) | |
| Fonte de classificação ou esquema de arquivamento | Classificação Decimal Universal |
| Tipo de item do Koha | Livros |
| Estado: removido | Estado: perdido | Fonte de classificação ou esquema de arquivamento | Estado: danificado | Indisponível para empréstimo | Localização permanente | Localização atual | Data de aquisição | Total Checkouts | Número de Chamada completo | Código de barras | Date last seen | Número do exemplar | Preço efetivo a partir de | Tipo de item (Koha) | Nota pública |
|---|---|---|---|---|---|---|---|---|---|---|---|---|---|---|---|
| Classificação Decimal Universal | Biblioteca da Escola Superior de Contas do TCE/MT | Biblioteca da Escola Superior de Contas do TCE/MT | 27/11/2023 | 658.3 B395g | BIBTCEMT23111157 | 27/11/2023 | Ex. 1 | 27/11/2023 | Livros | 19. reimpr. 2001 | |||||
| Classificação Decimal Universal | Biblioteca da Escola Superior de Contas do TCE/MT | Biblioteca da Escola Superior de Contas do TCE/MT | 28/11/2023 | 658.3 B395g | BIBTCEMT23111205 | 28/11/2023 | Ex. 2 | 28/11/2023 | Livros | 19. reimpr. 2001 | |||||
| Classificação Decimal Universal | Biblioteca da Escola Superior de Contas do TCE/MT | Biblioteca da Escola Superior de Contas do TCE/MT | 28/11/2023 | 658.3 B395g | BIBTCEMT23111206 | 28/11/2023 | Ex. 3 | 28/11/2023 | Livros | 19. reimpr. 2001 |